Mi primer libro de teatro : (Registro nro. 11733)

Detalles MARC
000 -LIDER
fixed length control field 00996nam a2200289 4500
001 - NÚMERO DE CONTROL
Identificador de número de control 000623
003 - IDENTIFICACDOR DE NÚMERO DE CONTROL
control field DO-SdBPM
005 - DATE AND TIME OF LATEST TRANSACTION
control field 20250602131202.0
007 - CAMPOS FIJOS DE DESCRIPCIÓN FÍSICA
fixed length control field 000623
008 - ELEMENTOS DE LONGITUD FIJA
fixed length control field 161031b 1974 sp a ||||| |||| 00| 0 spa d
020 ## - ISBN
International Standard Book Number 8424156242
040 ## - FUENTE DE CATALOGACIÓN
Agencia que crea de manera original el registro DO-SdBPM
Idioma de catalogación spa
Agencia que realiza la transcripción BPMSU
082 #4 - NÚMERO DE CLASIFICACIÓN DECIMAL DE DEWEY
Classification number 792.0226
Item number G643m 1974
Edition number 22
100 1# - ASIENTO PRINCIPAL -- NOMBRE PERSONAL
Nombre personal Gonzales de Ajo , Julia
245 10 - MENCIÓN DE TITULO
Título Mi primer libro de teatro :
Subtítulo teatro para la escuela Aula de Teatro infantil (ATI) /
Mención de responsabilidad Adaptación e introducciones Julia González de Ajo. Ilustraciones: Teo.
250 ## - MENCIÓN DE EDICION
Mención de edición 2a ed.
260 ## - PUBLICACIÓN, DISTRIBUCIÓN, ETC. (PIE DE IMPRENTA)
Lugar de publicación, distribución, etc León, España :
Nombre del editor, distribuidor, etc. Editorial Everest,
Fecha de publicación, distribución, etc 1974.
300 ## - DESCRIPCIÓN FÍSICA
Extensión 284 p. :
Otros detalles físicos il. ;
Dimensiones 23 cm.
490 0# - MENCIÓN DE SERIES
Mención de serie Lecturas Everest 2000
590 ## - NOTA LOCAL
Texto de la nota local Inventariado, 2025/VM
650 #4 - ENCABEZAMIENTO DE MATERIA--TEMÁTICO
Término temático o nombre geográfico como elemento de entrada Teatro escolar e infantil
650 #4 - ENCABEZAMIENTO DE MATERIA--TEMÁTICO
Término temático o nombre geográfico como elemento de entrada Teatro
Subdivisión temática general Producción y dirección
-- Literatura juvenil
650 ## - ENCABEZAMIENTO DE MATERIA--TEMÁTICO
Término temático o nombre geográfico como elemento de entrada Teatro para niños.
700 1# - ASIENTO SECUNDARIO -- NOMBRE PERSONAL
Nombre personal González de Ajo, Julia
910 ## - VALIDACIÓN
Validación VMateo V. Control de calidad. BPMSU
942 ## - ADDED ENTRY ELEMENTS (KOHA)
Source of classification or shelving scheme Dewey Decimal Classification
Koha item type Libros
Existencias
Withdrawn status Lost status Source of classification or shelving scheme Damaged status Not for loan Collection code Home library Current library Date acquired Source of acquisition Total Checkouts Full call number Barcode Date last seen Price effective from Koha item type
    Dewey Decimal Classification     Colección Juvenil General Biblioteca Pública Metropolitana Salomé Ureña Biblioteca Pública Metropolitana Salomé Ureña 10/31/2016   BPMSU CGI 792.0226 G643m 1974 BPMSU16100448 10/31/2016 10/31/2016 Libros